Suplemento al Plan de Ordenación Económico-Social de la Provincia de Barcelona : ... ...
Descripción Física:
3 v. ; 32 cm
MARC
| LEADER | 00000nam a2200000Ia 4500 | ||
|---|---|---|---|
| 001 | 11323, 11311, 11312 | ||
| 008 | 160829s1956 - 1961 xx 000 0 cat d | ||
| 080 | |a FOL-1-111, FOL-1-112, FOL-1-113 | ||
| 110 | 2 | |a Junta Provincial de Ordenación Económico-Social |9 54650 | |
| 245 | |a Suplemento al Plan de Ordenación Económico-Social de la Provincia de Barcelona : |b ... | ||
| 260 | |a Barcelona : |b [mecanografiat], |c 1956 - 1961 | ||
| 300 | |a 3 v. ; |c 32 cm | ||
| 651 | 0 | |a Barcelona (Catalunya : Província) |x Política social |9 53862 | |
| 651 | 0 | |a Barcelona (Catalunya : Província) |x Política econòmica |9 54027 | |
| 866 | |a VI : 1956, IX : 1960, X : 1961 | ||
| 901 | |a Arxiu | ||
| 942 | |n 1 | ||
| 952 | |0 0 |1 0 |4 0 |6 FOL1111_FOL1112_FOL1113 |7 1 |9 46339 |a Arxiu |b Arxiu |d 2016-12-01 |l 0 |o FOL-1-111, FOL-1-112, FOL-1-113 |p 11323, 11311, 11312 |r 2016-12-01 00:00:00 |w 2016-12-01 |y ARXIU | ||
| 999 | |c 50124 |d 50124 | ||